| 000 | 00481cas a22001935a 4500 | ||
|---|---|---|---|
| 001 | L441 | ||
| 008 | 070823c1998 ne mr p 0 a0eng | ||
| 022 | 1 | _a1566-9076 | |
| 035 | _a(Sirsi) u99056 | ||
| 041 | 0 | _aeng | |
| 245 | 0 | 0 | _aGIM International |
| 260 |
_aAC Lemmer _bGITC bv _c1998- |
||
| 362 | 0 | _a16(10) October 2002- | |
| 554 | _a12 per year | ||
| 651 | 4 | _aInternational | |
| 690 | _aENVIRONMENTAL AND LAND CONSULTANCY-GEOMATICS | ||
| 942 | _n0 | ||
| 948 | _c06/08/1996 | ||
| 999 |
_c118635 _d118635 |
||